000 01050cam a2200289 a 4500
999 _c835
_d835
001 005121852
003 OSt
005 20191223095304.0
008 091125r19891988enk 000 1 eng d
020 _a0552134600 (pbk.) :
020 _a9780552134606 (pbk.)
035 _a(CaOOAMICUS)000029765108
040 _aCaQWSMM
_beng
_cQWSMM
_dCaAEVC
_dNCTU
042 _anbic
082 _aFIC PRA
100 1 _aPratchett, Terry,
_d1948-
_eauthor
245 1 0 _aWyrd sisters /
_cTerry Pratchett.
260 _aLondon :
_bCorgi Books,
_c1989.
300 _a331 p. ;
_c18 cm.
490 1 _aDiscworld novel
500 _aOriginally published: London : Gollancz, 1988.
500 _a"Starring three witches, also kings, daggers, crowns, storms, dwarfs, cats, ghosts, spectres, apes, bandits, demons, forests, heirs, jesters, tortures, trolls, turntables, general rejoicing and divers alarums."--t.p.
650 0 _aFantasy fiction.
650 0 _aDiscworld (Imaginary place)
_vFiction.
800 1 _aPratchett, Terry.
_tDiscworld series.
942 _2ddc
_cFIC